| 000 | 00813cam a2200265 u 4500 | ||
|---|---|---|---|
| 001 | 306405 | ||
| 005 | 20250930104039.0 | ||
| 008 | 090714s2009 ch a e 000 0 chi d | ||
| 020 |
_a9789577273628 _c(平裝) :新臺幣250元 |
||
| 040 | _aLocal | ||
| 042 | _anbic | ||
| 050 |
_aHV2128 _bK19 |
||
| 100 | 1 |
_a柯明期 _e著 |
|
| 245 | 1 | 0 |
_a與盲同行 = Yu mang tong xing {ch} / _c柯明期著 |
| 250 | _a初版 | ||
| 260 |
_a臺北市 : _b宇宙光出版社 ; _a臺北縣 : _b貿騰發賣經銷, _c2009(民98) |
||
| 300 |
_a215面 : _b圖 ; _c21公分 |
||
| 440 | 0 |
_a心理/勵志 ; _v9. |
|
| 600 | 1 | 7 |
_a柯 明期. _2cst. |
| 650 | 7 |
_a臺灣傳記. _2cst. |
|
| 650 | 7 |
_a視障者. _2cst. |
|
| 651 |
_aPeople with visual disabilities _zTaiwan {ch} |
||
| 651 |
_aBlind people _zTaiwan {ch} |
||
| 942 |
_2lcc _cBK |
||
| 999 |
_c38654 _d38654 |
||